Cultura de selva Putumayo en creación / (Registro nro. 252)

Detalles MARC
000 -CABECERA
Campo de control 00940nam a2200265 a 4500
005 - FECHA Y HORA DE LA ULTIMA TRANSACCION
Campo de control 20200104041508.0
008 - ELEMENTOS DE LONGITUD FIJA—INFORMACION GENERAL
Campo de control 140220b1994 ck ao r|||| 00| 0 spa d
040 ## - FUENTE DE CATALOGACIÓN
Agencia catalogadora original CO-BoIAVH
Agencia transcriptora CO-BoIAVH
041 0# - IDIOMA
Código de idioma para texto/pista de sonido o título separado Español
044 ## - PAÍS DE PUBLICACIÓN
País de publicación Colombia
082 04 - NUMERO DE CLASIFICACION DECIMAL DEWEY
Número de clasificación 372.425
Número del ítem C82c
110 2# - ASIENTO PRINCIPAL--NOMBRE CORPORATIVO
9 (RLIN) 7085
Nombre corporativo o de jurisdicción como elemento de entrada Corporación Autónoma Regional del Putumayo
245 1# - MENCION DE TITULO
Título Cultura de selva Putumayo en creación /
Mención de responsabilidad Corporación Autónoma Regional del Putumayo
260 ## - PUBLICACION, DISTRIBUCION, ETC. (PIE DE IMPRENTA)
Lugar de publicación, distribución, etc. Bogotá :
Nombre del editor, distribuidor, etc. Corporación Autónoma Regional del Putumayo,
Fecha de publicación, distribución, etc. 1994.
300 ## - DESCRIPCION FISICA
Extensión 72 páginas :
Otros detalles físicos Ilustraciones, cuadros, Fotografías ;
Dimensiones 20 x 23 cm.
650 #6 - ASIENTO SECUNDARIO DE MATERIA - TERMINO TEMATICO
Término temático o nombre geográfico como elemento de entrada Agricultura sostenible
9 (RLIN) 210
650 #6 - ASIENTO SECUNDARIO DE MATERIA - TERMINO TEMATICO
Término temático o nombre geográfico como elemento de entrada Desarrollo agropecuario
9 (RLIN) 6726
650 #6 - ASIENTO SECUNDARIO DE MATERIA - TERMINO TEMATICO
Término temático o nombre geográfico como elemento de entrada Educación ambiental
9 (RLIN) 162
650 #6 - ASIENTO SECUNDARIO DE MATERIA - TERMINO TEMATICO
Término temático o nombre geográfico como elemento de entrada Aprovechamiento forestal
9 (RLIN) 47804
650 #6 - ASIENTO SECUNDARIO DE MATERIA - TERMINO TEMATICO
Término temático o nombre geográfico como elemento de entrada Agroecosistemas
9 (RLIN) 47805
650 #6 - ASIENTO SECUNDARIO DE MATERIA - TERMINO TEMATICO
Término temático o nombre geográfico como elemento de entrada Conservación de bosques
9 (RLIN) 47806
650 #6 - ASIENTO SECUNDARIO DE MATERIA - TERMINO TEMATICO
Término temático o nombre geográfico como elemento de entrada Manejo forestal
9 (RLIN) 47807
662 ## - ASIENTO SECUNDARIO DE MATERIA - JERARQUIA DEL NOMBRE DE LUGAR(
País o entidad mayor Colombia
Jurisdicción política de primer orden Putumayo
942 ## - ELEMENTOS ADICIONALES (KOHA)
Tipo de ítem Libro
Sistema de clasificación Dewey Decimal Classification
Existencias
Withdrawn status Lost status Sistema de Clasificación Damaged status No para préstamo Colección Inventariado Ubicación Permanente Ubicación actual Fecha de adquisición Fuente de Valor Valor Total Checkouts Número topográfico Inventario / Código de Barras Date last seen Ejemplar Price effective from Tipo de material
    Dewey Decimal Classification     General Inventariado 2017 Bogotá Bogotá 26/12/1997 Instituto 39000.00   LB-372.425 C82c 000325 04/12/2012 Ej. 1 04/12/2012 Libro